Role development in professional nursing practice / (Record no. 17486)
[ view plain ]
| 000 -LEADER | |
|---|---|
| fixed length control field | 02658cam a22004094a 4500 |
| 001 - CONTROL NUMBER | |
| control field | 13796073 |
| 003 - CONTROL NUMBER IDENTIFIER | |
| control field | OSt |
| 005 - DATE AND TIME OF LATEST TRANSACTION | |
| control field | 20210614120749.0 |
| 008 - FIXED-LENGTH DATA ELEMENTS--GENERAL INFORMATION | |
| fixed length control field | 041118s2005 maua b 001 0 eng |
| 010 ## - LIBRARY OF CONGRESS CONTROL NUMBER | |
| LC control number | 2004027317 |
| 020 ## - INTERNATIONAL STANDARD BOOK NUMBER | |
| International Standard Book Number | 0763726036 |
| 035 ## - SYSTEM CONTROL NUMBER | |
| System control number | (DNLM)101234437 |
| 040 ## - CATALOGING SOURCE | |
| Original cataloging agency | MMU |
| Transcribing agency | MMU |
| Modifying agency | MMU |
| Language of cataloging | eng |
| 042 ## - AUTHENTICATION CODE | |
| Authentication code | pcc |
| 043 ## - GEOGRAPHIC AREA CODE | |
| Geographic area code | n-us--- |
| 050 00 - LIBRARY OF CONGRESS CALL NUMBER | |
| Classification number | RT82 |
| Item number | .R587 2005 |
| 060 10 - NATIONAL LIBRARY OF MEDICINE CALL NUMBER | |
| Classification number | WY 16 |
| Item number | R745 2005 |
| 082 00 - DEWEY DECIMAL CLASSIFICATION NUMBER | |
| Classification number | 610.73 |
| Edition number | 22 |
| 245 00 - TITLE STATEMENT | |
| Title | Role development in professional nursing practice / |
| Statement of responsibility, etc. | [edited by] Kathleen Masters. |
| 260 ## - PUBLICATION, DISTRIBUTION, ETC. (IMPRINT) | |
| Place of publication, distribution, etc. | Sudbury, Mass. : |
| Name of publisher, distributor, etc. | Jones and Bartlett, |
| Date of publication, distribution, etc. | c2005. |
| 300 ## - PHYSICAL DESCRIPTION | |
| Extent | ix, 347 p. : |
| Other physical details | ill. ; |
| Dimensions | 23 cm. |
| 504 ## - BIBLIOGRAPHY, ETC. NOTE | |
| Bibliography, etc | Includes bibliographical references and index. |
| 505 0# - FORMATTED CONTENTS NOTE | |
| Formatted contents note | A history of healthcare and nursing / Karen Saucier Lundy -- Framework of professional nursing practice / Kathleen R. Masters -- Philosophy of nursing / Mary W. Stewart -- Moral and ethical dimensions in professional nursing practice / Janie Butts & Karen Rich -- Clinical judgment in professional nursing / Bonnie Saucier -- Education and socialization to the professional nursing role / Patricia Becker Hentz -- The social context of professional nursing / Mary W. Stewart -- Care of professional self / Dianna H. Douglas & Danny G. Willis -- Career management in professional nursing / Luann M. Daggett -- Professional nursing care of the client / Lizabeth L. Carlson -- The role of the professional nurse in patient education / Kathleen Masters -- Communication and the nurse-client relationship / Selen Steen Lauterbach -- Ethics in nursing relationships, professional practice, and healthcare / Janie Butts & Karen Rich -- Law and the professional nurse / Kathleen Driscoll -- Informatics and technology in nursing practice / Kay Coltharp Cater -- Developing professional nurses as leaders on the healthcare team / Anna Brock -- The role of the professional nurse in human resource management / Kandy Smith -- The role of the professional nurse in quality management / Cynthia Luther -- Economics of healthcare / Sherry Hartman. |
| 650 #0 - SUBJECT ADDED ENTRY--TOPICAL TERM | |
| Topical term or geographic name as entry element | Nursing. |
| 650 #0 - SUBJECT ADDED ENTRY--TOPICAL TERM | |
| Topical term or geographic name as entry element | Nursing |
| General subdivision | Standards. |
| 650 #0 - SUBJECT ADDED ENTRY--TOPICAL TERM | |
| Topical term or geographic name as entry element | Nursing |
| General subdivision | Practice |
| Geographic subdivision | United States. |
| 650 12 - SUBJECT ADDED ENTRY--TOPICAL TERM | |
| Topical term or geographic name as entry element | Nursing |
| General subdivision | standards. |
| 650 12 - SUBJECT ADDED ENTRY--TOPICAL TERM | |
| Topical term or geographic name as entry element | Nursing |
| General subdivision | trends. |
| 650 22 - SUBJECT ADDED ENTRY--TOPICAL TERM | |
| Topical term or geographic name as entry element | Nurse's Role. |
| 650 22 - SUBJECT ADDED ENTRY--TOPICAL TERM | |
| Topical term or geographic name as entry element | Philosophy, Nursing. |
| 650 22 - SUBJECT ADDED ENTRY--TOPICAL TERM | |
| Topical term or geographic name as entry element | Professional Practice. |
| 700 1# - ADDED ENTRY--PERSONAL NAME | |
| Personal name | Masters, Kathleen. |
| 856 41 - ELECTRONIC LOCATION AND ACCESS | |
| Materials specified | Table of contents |
| Uniform Resource Identifier | <a href="http://www.loc.gov/catdir/toc/ecip054/2004027317.html">http://www.loc.gov/catdir/toc/ecip054/2004027317.html</a> |
| 906 ## - LOCAL DATA ELEMENT F, LDF (RLIN) | |
| a | 7 |
| b | cbc |
| c | orignew |
| d | 1 |
| e | ecip |
| f | 20 |
| g | y-gencatlg |
| 942 ## - ADDED ENTRY ELEMENTS (KOHA) | |
| Source of classification or shelving scheme | Library of Congress Classification |
| Koha item type | L |
| Withdrawn status | Lost status | Source of classification or shelving scheme | Damaged status | Not for loan | Home library | Current library | Date acquired | Source of acquisition | Total Checkouts | Full call number | Barcode | Date last seen | Price effective from | Koha item type |
|---|---|---|---|---|---|---|---|---|---|---|---|---|---|---|
| Library of Congress Classification | Maasai Mara University Library -Main Campus | Maasai Mara University Library -Main Campus | 06/13/2016 | Donation | RT82 .R587 2005 | 20116190 | 06/13/2016 | 06/13/2016 | L |